[Event "WchT Seniors 65"]
[Site "Struga"]
[Date "2023.09.28"]
[Round "9.3"]
[White "Ranki, Martti"]
[Black "Hoebarth, Guenter"]
[Result "0-1"]
[WhiteElo "1879"]
[BlackElo "1901"]
[PlyCount "58"]
[EventDate "2023.09.19"]
[EventType "team-swiss"]
[EventRounds "9"]
[EventCountry "MKD"]
[SourceTitle "EXT 2024"]
[Source "ChessBase"]
[SourceDate "2023.10.10"]
[SourceVersion "1"]
[SourceVersionDate "2023.10.10"]
[SourceQuality "1"]
[WhiteTeam "Finland Turku 65"]
[BlackTeam "Austria 65"]
[WhiteTeamCountry "FIN"]
[BlackTeamCountry "AUT"]

1. d4 d6 2. g3 c6 3. Bg2 Nf6 4. c4 Nbd7 5. Nc3 e5 6. e3 Be7 7. Nge2 0-0 8. 0-0 Re8 9. b3 Bf8 10. Re1 Qc7 11. Bb2 Nb6 12. h3 Bf5 13. e4 Bd7 14. a4 a5 15. Rc1 Rad8 16. Qc2 Qc8 17. Kh2 Qa8 18. f4 Qb8 19. fxe5 dxe5 20. dxe5 Rxe5 21. Nd1 Rg5 22. e5 Bf5 23. Qc3 Bb4 24. Qe3 Bd2 25. Qf2 Bxe1 26. Qxe1 Ne4 27. Bxe4 Bxe4 28. Nf4 Bg6 29. Qc3 Rd3 0-1

[Event "WchT Seniors 65"]
[Site "Struga"]
[Date "2023.09.26"]
[Round "7.3"]
[White "Quigley, Colm"]
[Black "Ranki, Martti"]
[Result "1/2-1/2"]
[WhiteElo "1903"]
[BlackElo "1879"]
[PlyCount "38"]
[EventDate "2023.09.19"]
[EventType "team-swiss"]
[EventRounds "9"]
[EventCountry "MKD"]
[SourceTitle "EXT 2024"]
[Source "ChessBase"]
[SourceDate "2023.10.10"]
[SourceVersion "1"]
[SourceVersionDate "2023.10.10"]
[SourceQuality "1"]
[WhiteTeam "Ireland 65"]
[BlackTeam "Finland Turku 65"]
[WhiteTeamCountry "IRL"]
[BlackTeamCountry "FIN"]

1. d4 d5 2. c4 c6 3. cxd5 cxd5 4. Nc3 Nf6 5. Bf4 a6 6. Nf3 g6 7. e3 Bg7 8. h3 0-0 9. Bd3 Nc6 10. 0-0 b5 11. Rc1 Bb7 12. Qe2 Rc8 13. Ne5 Re8 14. Rfd1 Nd7 15. Nxd7 Qxd7 16. Qd2 e5 17. dxe5 Nxe5 18. Bxe5 Bxe5 19. Kf1 Bxc3 1/2-1/2

[Event "WchT Seniors 65"]
[Site "Struga"]
[Date "2023.09.21"]
[Round "3.3"]
[White "Priedite, Ingrida"]
[Black "Ranki, Martti"]
[Result "1/2-1/2"]
[WhiteElo "2044"]
[BlackElo "1879"]
[PlyCount "93"]
[EventDate "2023.09.19"]
[EventType "team-swiss"]
[EventRounds "9"]
[EventCountry "MKD"]
[SourceTitle "EXT 2024"]
[Source "ChessBase"]
[SourceDate "2023.10.10"]
[SourceVersion "1"]
[SourceVersionDate "2023.10.10"]
[SourceQuality "1"]
[WhiteTeam "Latvia 65 (W)"]
[BlackTeam "Finland Turku 65"]
[WhiteTeamCountry "LAT"]
[BlackTeamCountry "FIN"]

1. c4 c5 2. g3 g6 3. Bg2 Bg7 4. Nc3 Nf6 5. e3 0-0 6. Nge2 d6 7. 0-0 Nbd7 8. d4 Rb8 9. b3 a6 10. a4 Re8 11. Ra2 b6 12. Rd2 Qc7 13. Bb2 Bb7 14. d5 Rbd8 15. e4 Bc8 16. h3 Nf8 17. f4 Bd7 18. Kh2 Rb8 19. Nc1 b5 20. axb5 axb5 21. e5 dxe5 22. fxe5 Nh5 23. d6 exd6 24. exd6 Qd8 25. Nxb5 Bxb2 26. Rxb2 Re3 27. Rf3 Qg5 28. Ne2 Rxf3 29. Bxf3 Qf6 30. Bxh5 Qxb2 31. Bf3 Qf6 32. Nec3 Ne6 33. Bg2 Nd4 34. Ne4 Qe5 35. Nxd4 cxd4 36. Qf3 f5 37. Nd2 Qxd6 38. Qd3 Be6 39. Nf3 Rd8 40. Ng5 h6 41. Nxe6 Qxe6 42. Bd5 Rxd5 43. cxd5 Qxd5 44. Qa6 Kf7 45. Qa7+ Kf6 46. Qb6+ Kf7 47. Qa7+ 1/2-1/2

[Event "EU-ch Seniors 65 22nd"]
[Site "Acqui Terme"]
[Date "2023.05.30"]
[Round "5"]
[White "Furman, Boris"]
[Black "Ranki, Martti"]
[Result "1-0"]
[WhiteElo "2142"]
[BlackElo "1887"]
[PlyCount "57"]
[EventDate "2023.05.26"]
[EventType "swiss"]
[EventRounds "9"]
[EventCountry "ITA"]
[SourceTitle "CBM 214 Extra"]
[Source "ChessBase"]
[SourceDate "2023.07.31"]
[SourceVersion "1"]
[SourceVersionDate "2023.07.31"]
[SourceQuality "1"]

1. d4 d5 2. c4 c6 3. cxd5 cxd5 4. Nc3 Nf6 5. Bf4 e6 6. e3 Bd6 7. Bxd6 Qxd6 8. f4 0-0 9. Bd3 a6 10. Nf3 b5 11. 0-0 Nbd7 12. Ne5 Bb7 13. Rf3 Ne4 14. Rh3 g6 15. Qe1 Qe7 16. g4 f6 17. Nxd7 Qxd7 18. Qh4 Rf7 19. Ne2 Rc8 20. Rf1 Qe7 21. f5 gxf5 22. gxf5 Rg7+ 23. Kh1 Ng5 24. Rg3 e5 25. Rfg1 Rc7 26. Qh6 e4 27. Bb1 Bc8 28. Nf4 Qd6 29. Rxg5 1-0

[Event "EU-ch Seniors 65 22nd"]
[Site "Acqui Terme"]
[Date "2023.05.26"]
[Round "1"]
[White "Ftacnik, Lubomir"]
[Black "Ranki, Martti"]
[Result "1-0"]
[WhiteElo "2456"]
[BlackElo "1887"]
[PlyCount "55"]
[EventDate "2023.05.26"]
[EventType "swiss"]
[EventRounds "9"]
[EventCountry "ITA"]
[SourceTitle "CBM 214 Extra"]
[Source "ChessBase"]
[SourceDate "2023.07.31"]
[SourceVersion "1"]
[SourceVersionDate "2023.07.31"]
[SourceQuality "1"]

1. Nf3 d5 2. c4 e6 3. d4 Nf6 4. g3 Bb4+ 5. Bd2 Bxd2+ 6. Nbxd2 0-0 7. Bg2 b6 8. 0-0 Bb7 9. Rc1 Nbd7 10. cxd5 exd5 11. b4 c6 12. Ne5 Nxe5 13. dxe5 Nd7 14. f4 a5 15. a3 axb4 16. axb4 Qe7 17. Qb3 b5 18. e4 Nb6 19. exd5 cxd5 20. Rc5 Nc4 21. Nxc4 dxc4 22. Qc2 Bxg2 23. Qxg2 Rab8 24. f5 Rfc8 25. Rd5 Qxb4 26. f6 gxf6 27. exf6 Qc3 28. Qe4 1-0

[Event "WchT Seniors 65"]
[Site "Prague"]
[Date "2020.03.09"]
[Round "4.19"]
[White "Ranki, Martti"]
[Black "Isaxon, Alf"]
[Result "0-1"]
[WhiteElo "1914"]
[BlackElo "1949"]
[PlyCount "66"]
[EventDate "2020.03.06"]
[EventType "team-swiss"]
[EventRounds "7"]
[EventCountry "CZE"]
[SourceTitle "CBM 195 Extra"]
[Source "ChessBase"]
[SourceDate "2020.05.31"]
[SourceVersion "1"]
[SourceVersionDate "2020.05.31"]
[SourceQuality "1"]
[WhiteTeam "Finland 65 II"]
[BlackTeam "Sweden 65 IV"]
[WhiteTeamCountry "FIN"]
[BlackTeamCountry "SWE"]

1. d4 f5 2. c4 g6 3. Nc3 Nf6 4. g3 Bg7 5. Bg2 0-0 6. Nf3 d6 7. 0-0 Nc6 8. b3 e5 9. dxe5 dxe5 10. Bb2 e4 11. Ng5 h6 12. Nh3 Qe8 13. Nf4 g5 14. Nfd5 Nxd5 15. cxd5 Ne5 16. Qd2 b6 17. f3 exf3 18. exf3 Ba6 19. Rfe1 Qh5 20. Na4 Rae8 21. Rac1 Qf7 22. Re3 g4 23. Rce1 Nxf3+ 24. Bxf3 gxf3 25. Bxg7 Kxg7 26. Rxf3 Rxe1+ 27. Qxe1 Qxd5 28. Re3 Bb7 29. Qc3+ Kg6 30. Kf1 Rd8 31. g4 Qg2+ 32. Ke1 Qg1+ 33. Ke2 Qd1+ 0-1

[Event "EU-chT Seniors 65"]
[Site "Walbrzych"]
[Date "2018.04.15"]
[Round "2.4"]
[White "Ranki, Martti"]
[Black "Fitzke, Ulrich"]
[Result "1-0"]
[WhiteElo "1942"]
[BlackElo "1827"]
[PlyCount "49"]
[EventDate "2018.04.14"]
[EventType "team-swiss"]
[EventRounds "9"]
[EventCountry "POL"]
[SourceTitle "CBM 184 Extra"]
[Source "ChessBase"]
[SourceDate "2018.06.28"]
[SourceVersion "1"]
[SourceVersionDate "2018.06.28"]
[SourceQuality "1"]
[WhiteTeam "Finland Turku 65"]
[BlackTeam "Germany BSW/DBAG 65"]
[WhiteTeamCountry "FIN"]
[BlackTeamCountry "GER"]

1. d4 d5 2. c4 e6 3. Nf3 Nf6 4. Bg5 Be7 5. Nc3 b6 6. e3 Bb7 7. Bd3 Nbd7 8. 0-0 c5 9. Ne5 cxd4 10. exd4 Rc8 11. cxd5 Nxd5 12. Bxe7 Qxe7 13. Bb5 N5f6 14. d5 0-0 15. Nxd7 Nxd7 16. dxe6 Nc5 17. exf7+ Qxf7 18. Qg4 Kh8 19. Rad1 Rcd8 20. Bc4 Qe7 21. h3 Bc8 22. Qh5 g6 23. Qh6 Qf6 24. Qe3 h5 25. Qh6# 1-0

[Event "FIN-chT2 Gp3 1718"]
[Site "Finland"]
[Date "2017.10.22"]
[Round "3.4"]
[White "Ranki, Martti"]
[Black "Perttula, Juha"]
[Result "1-0"]
[WhiteElo "1937"]
[BlackElo "1893"]
[PlyCount "99"]
[EventDate "2017.09.16"]
[EventType "team-tourn"]
[EventRounds "7"]
[EventCountry "FIN"]
[SourceTitle "EXT 2020"]
[Source "ChessBase"]
[SourceDate "2019.10.17"]
[SourceVersion "1"]
[SourceVersionDate "2019.10.17"]
[SourceQuality "1"]
[WhiteTeam "Turku SY"]
[BlackTeam "Tampere SK"]
[WhiteTeamCountry "FIN"]
[BlackTeamCountry "FIN"]

1. c4 Nf6 2. Nc3 c5 3. Nf3 g6 4. g3 Bg7 5. Bg2 0-0 6. 0-0 Nc6 7. d3 d6 8. Bg5 h6 9. Bd2 Bd7 10. Re1 Rb8 11. Rb1 a6 12. a3 b5 13. Nd5 e6 14. Nxf6+ Qxf6 15. Bc3 e5 16. b4 Nd4 17. bxc5 dxc5 18. Nd2 Bc6 19. Ne4 Qe7 20. cxb5 axb5 21. Rc1 f5 22. Nxc5 Bxg2 23. Bxd4 Bd5 24. Bb2 Qa7 25. d4 e4 26. Qd2 Rbc8 27. Bc3 Rfd8 28. Qb2 Rb8 29. Ra1 Qf7 30. Qb4 f4 31. Qb1 Qf5 32. f3 fxg3 33. Nxe4 gxh2+ 34. Kxh2 Be6 35. Qd3 Be5+ 36. Kg1 Qh3 37. Nf2 Qh2+ 38. Kf1 Bg3 39. Qxg6+ Kh8 40. d5+ Be5 41. Bxe5+ Qxe5 42. Qxe6 Qh2 43. e4 Qf4 44. Ke2 Rbc8 45. Qf5 Rc2+ 46. Kf1 Qh4 47. Re2 Rdc8 48. Qh3 Qg5 49. Rae1 Rxe2 50. Qxc8+ 1-0

[Event "EU-ch Seniors 65 16th"]
[Site "Yerevan"]
[Date "2016.06.12"]
[Round "8"]
[White "Khachaturian, Georgiy N"]
[Black "Ranki, Martti"]
[Result "1-0"]
[WhiteElo "1988"]
[BlackElo "1924"]
[PlyCount "65"]
[EventDate "2016.06.05"]
[EventType "swiss"]
[EventRounds "9"]
[EventCountry "ARM"]
[SourceTitle "CBM 172 Extra"]
[Source "ChessBase"]
[SourceDate "2016.06.21"]
[SourceVersion "1"]
[SourceVersionDate "2016.06.21"]
[SourceQuality "1"]

1. d4 Nf6 2. c4 g6 3. Nc3 Bg7 4. e4 d6 5. Be2 0-0 6. Nf3 Nbd7 7. 0-0 c5 8. d5 a6 9. Bg5 h6 10. Bh4 Rb8 11. Nd2 Re8 12. h3 Nf8 13. f4 Bd7 14. a4 N6h7 15. Nf3 b5 16. axb5 Bxc3 17. bxc3 axb5 18. cxb5 Bxb5 19. c4 Bd7 20. Be1 Qb6 21. Bc3 Nf6 22. Bd3 N8h7 23. Qd2 Ra8 24. Rab1 Qd8 25. g4 Rf8 26. e5 Ne8 27. f5 Ra3 28. fxg6 fxg6 29. Bxg6 Kg7 30. Bc2 dxe5 31. Nxe5 Nef6 32. Qd3 Be8 33. Nc6 1-0

[Event "EU-chT Seniors"]
[Site "Vienna"]
[Date "2015.07.15"]
[Round "4.21"]
[White "Hasivar, Gerd"]
[Black "Ranki, Martti"]
[Result "1/2-1/2"]
[WhiteElo "1888"]
[BlackElo "1940"]
[PlyCount "160"]
[EventDate "2015.07.12"]
[EventType "team-swiss"]
[EventRounds "9"]
[EventCountry "AUT"]
[SourceTitle "EXT 2018"]
[Source "ChessBase"]
[SourceDate "2017.10.13"]
[SourceVersion "1"]
[SourceVersionDate "2017.10.13"]
[SourceQuality "1"]
[WhiteTeam "DSW DBAG III"]
[BlackTeam "Turku"]
[WhiteTeamCountry "GER"]
[BlackTeamCountry "FIN"]

1. e4 c5 2. Nf3 Nc6 3. d4 cxd4 4. Nxd4 d6 5. Nc3 g6 6. Be3 Bg7 7. Bc4 Nf6 8. Nxc6 bxc6 9. 0-0 0-0 10. Bb3 Qc7 11. h3 Rd8 12. Qf3 Bb7 13. Bg5 Rf8 14. Rfd1 Rad8 15. Be3 Ra8 16. Rd2 c5 17. Bc4 Kh8 18. Bg5 Nxe4 19. Nxe4 f5 20. Bd5 fxe4 21. Qxe4 Bxd5 22. Rxd5 Bxb2 23. Rb1 Bd4 24. Qxe7 Bxf2+ 25. Kh1 Qxe7 26. Bxe7 Rf5 27. Rxf5 gxf5 28. Bxd6 Rd8 29. Rb8 Rxb8 30. Bxb8 a6 31. g3 Kg7 32. Kg2 Bd4 33. c4 Kf6 34. Kf3 h5 35. Bf4 Bg1 36. a4 Bd4 37. Bc7 Be5 38. Bd8+ Ke6 39. Bg5 Bd4 40. Bd2 Ke5 41. Ba5 Kf6 42. Bd8+ Ke6 43. Bg5 Ke5 44. Bh6 Ke6 45. Ke2 Be5 46. Kf3 Bd4 47. Bg5 Ke5 48. Bd8 Ke6 49. Bc7 Kd7 50. Bb8 Kc8 51. Bd6 Kd7 52. Bf8 Ke6 53. Bh6 Ke5 54. a5 Ke6 55. Bd2 Ke5 56. Bh6 Ke6 57. Bf4 Bc3 58. Bc7 Bd2 59. Ke2 Bc1 60. Kf3 Bd2 61. Bb6 Kd6 62. Ke2 Bc1 63. Kd3 Bh6 64. Bd8 Ke6 65. Bc7 Bg5 66. Ke2 Bf6 67. Kd3 Bg5 68. Ke2 Bf6 69. Kf3 Bg5 70. Bf4 Bd8 71. Bd2 Bc7 72. Bc3 Bd6 73. Bd2 Bc7 74. Bc3 Bd6 75. Be1 Ke5 76. Bc3+ Ke6 77. Bg7 Kf7 78. Bc3 Ke6 79. Bh8 Bc7 80. Bc3 Bd6 1/2-1/2

[Event "EU-chT Seniors"]
[Site "Vienna"]
[Date "2015.07.13"]
[Round "2.18"]
[White "Ranki, Martti"]
[Black "Bowers, John"]
[Result "0-1"]
[WhiteElo "1940"]
[BlackElo "1823"]
[PlyCount "54"]
[EventDate "2015.07.12"]
[EventType "team-swiss"]
[EventRounds "9"]
[EventCountry "AUT"]
[SourceTitle "EXT 2018"]
[Source "ChessBase"]
[SourceDate "2017.10.13"]
[SourceVersion "1"]
[SourceVersionDate "2017.10.13"]
[SourceQuality "1"]
[WhiteTeam "Turku"]
[BlackTeam "Gwent Wales"]
[WhiteTeamCountry "FIN"]
[BlackTeamCountry "WLS"]

1. Nf3 d5 2. d4 Nc6 3. g3 Bg4 4. Bg2 Nf6 5. Ne5 Bf5 6. c4 Be4 7. f3 Bxb1 8. Rxb1 e6 9. Qa4 Bb4+ 10. Kf1 Be7 11. Be3 0-0 12. Nxc6 bxc6 13. Qxc6 dxc4 14. Qxc4 Nd5 15. Bc1 Rb8 16. Kf2 Rb4 17. Qd3 c5 18. e3 cxd4 19. exd4 Bf6 20. Rd1 Rxd4 21. Qe2 Rxd1 22. Qxd1 Qb6+ 23. Kf1 Nc3 24. Qc2 Nxb1 25. Qxb1 Rd8 26. Qc2 Qd4 27. Ke2 Qg1 0-1

[Event "EU-chT Seniors"]
[Site "Sibenik"]
[Date "2014.04.02"]
[Round "2.14"]
[White "Gilbert, Colin"]
[Black "Ranki, Martti"]
[Result "0-1"]
[WhiteElo "1780"]
[BlackElo "1918"]
[PlyCount "64"]
[EventDate "2014.04.01"]
[EventType "team-swiss"]
[EventRounds "9"]
[EventCountry "CRO"]
[SourceTitle "CBM 159 Extra"]
[Source "ChessBase"]
[SourceDate "2014.04.24"]
[SourceVersion "1"]
[SourceVersionDate "2014.04.24"]
[SourceQuality "1"]
[WhiteTeam "Wales Gwent Seniors"]
[BlackTeam "Finland Turku Seniors"]
[WhiteTeamCountry "WLS"]
[BlackTeamCountry "FIN"]

1. d4 d5 2. c4 c6 3. Nf3 g6 4. Bf4 Nf6 5. e3 Bg7 6. Nc3 0-0 7. h3 dxc4 8. Bxc4 b5 9. Bd3 Nbd7 10. 0-0 Bb7 11. a3 Rc8 12. b4 a6 13. e4 Nh5 14. Bh2 c5 15. Ne2 cxd4 16. Nfxd4 Ne5 17. Ra2 Nxd3 18. Qxd3 e5 19. g4 Nf6 20. Bxe5 Bxe4 21. Bxf6 Bxd3 22. Bxd8 Bc4 23. Rd2 Rcxd8 24. Rfd1 Rfe8 25. Ng3 Bh6 26. Rb2 Bg7 27. Rbd2 Bh6 28. Rb2 Re6 29. h4 Red6 30. g5 Bg7 31. Nge2 Bxe2 32. Rxe2 Bxd4 0-1

[Event "EU-chT Seniors"]
[Site "Sibenik"]
[Date "2014.04.01"]
[Round "1.14"]
[White "Ranki, Martti"]
[Black "Bowmer, Kevin"]
[Result "1/2-1/2"]
[WhiteElo "1918"]
[BlackElo "2083"]
[PlyCount "67"]
[EventDate "2014.04.01"]
[EventType "team-swiss"]
[EventRounds "9"]
[EventCountry "CRO"]
[SourceTitle "CBM 159 Extra"]
[Source "ChessBase"]
[SourceDate "2014.04.24"]
[SourceVersion "1"]
[SourceVersionDate "2014.04.24"]
[SourceQuality "1"]
[WhiteTeam "Finland Turku Seniors"]
[BlackTeam "England Seniors"]
[WhiteTeamCountry "FIN"]
[BlackTeamCountry "ENG"]

1. e4 c5 2. Nf3 Nc6 3. d4 cxd4 4. Nxd4 g6 5. Bc4 Bg7 6. Nxc6 bxc6 7. 0-0 d6 8. Qf3 Nf6 9. e5 dxe5 10. Qxc6+ Bd7 11. Qf3 0-0 12. Nc3 Qc7 13. Bb3 Bc6 14. Qg3 Rad8 15. Be3 Nh5 16. Qg4 Nf4 17. f3 e6 18. Qg3 Nd5 19. Nxd5 exd5 20. c3 a5 21. Qf2 d4 22. cxd4 exd4 23. Bg5 Rd7 24. Rac1 Qb7 25. Qc2 Bb5 26. Rfd1 a4 27. Bc4 Rc7 28. b3 Bxc4 29. bxc4 Qa6 30. Re1 Rfc8 31. Qd3 h6 32. Bf4 Rxc4 33. Rcd1 Qc6 34. Be5 1/2-1/2

[Event "FIN-chT1 West 1314"]
[Site "Finland"]
[Date "2014.01.11"]
[Round "5.7"]
[White "Ranki, Martti"]
[Black "Lehtinen, Tero"]
[Result "1/2-1/2"]
[WhiteElo "1917"]
[BlackElo "1805"]
[PlyCount "106"]
[EventDate "2013.09.21"]
[EventType "team-tourn"]
[EventRounds "9"]
[EventCountry "FIN"]
[SourceTitle "EXT 2022"]
[Source "ChessBase"]
[SourceDate "2021.10.06"]
[SourceVersion "1"]
[SourceVersionDate "2021.10.06"]
[SourceQuality "1"]
[WhiteTeam "Turku SY"]
[BlackTeam "Turku AS"]
[WhiteTeamCountry "FIN"]
[BlackTeamCountry "FIN"]

1. e4 c5 2. Nf3 d6 3. d4 cxd4 4. Nxd4 Nf6 5. Nc3 g6 6. Be2 Bg7 7. 0-0 0-0 8. h3 a6 9. Be3 b5 10. a3 Bb7 11. f3 Nbd7 12. Rb1 Nb6 13. Bd3 Rc8 14. Bf2 Nc4 15. Na2 d5 16. Re1 dxe4 17. fxe4 Qd7 18. Nf3 e6 19. Qe2 Nh5 20. Bxc4 Rxc4 21. Qd3 Qc8 22. c3 Rd8 23. Qc2 Qa8 24. Nd2 Rxd2 25. Qxd2 Bxe4 26. Rbd1 Bf6 27. Be3 Rc8 28. Qf2 Be7 29. Rd7 Kf8 30. Nb4 Bb7 31. Rf1 f5 32. Rfd1 Nf6 33. R7d3 Be4 34. R3d2 a5 35. Nc2 Nd5 36. Bd4 Bg5 37. Re2 Nf4 38. Kh2 Qb8 39. g3 Nxe2 40. Qxe2 e5 41. Bf2 Qb7 42. Re1 Be7 43. Be3 Bd6 44. Rf1 Kg7 45. Qd2 Rd8 46. Qf2 Be7 47. Bc1 Rd3 48. Ne3 Qc7 49. Rd1 f4 50. Rxd3 Bxd3 51. Nd5 Qb7 52. Nxe7 Qxe7 53. gxf4 e4 1/2-1/2